السياسة المالية ودورها في تحقيق التوازن الإقتصادي حالة الجزائر : 1990-2004 /
Saved in:
| 主要作者: | |
|---|---|
| 其他作者: | |
| 格式: | Thesis |
| 語言: | English Arabic |
| 出版: |
Jaza'ir :
Jami'at al-Jaza'ir,
2006
|
| 主題: | |
| 標簽: |
添加標簽
沒有標簽, 成為第一個標記此記錄!
|
| LEADER | 013320000a22003130004500 | ||
|---|---|---|---|
| 008 | 130527s2006 ua a f 000 0 eng d | ||
| 040 | |a UIAM |b eng | ||
| 041 | |a ara | ||
| 043 | |a f-ae--- | ||
| 050 | 0 | |a HJ1453 | |
| 100 | 1 | |a مسعود، دراوسي |9 353382 | |
| 242 | 1 | 3 | |a al-Siyasah al-maliyah wa-dawruha fi tahqiq al-tawazin al-iqtisadi halat al-Jaza'ir : |b 1990-2004 |
| 245 | 1 | 2 | |a السياسة المالية ودورها في تحقيق التوازن الإقتصادي حالة الجزائر : |b 1990-2004 / |c دراوسي مسعود |
| 260 | |a Jaza'ir : |b Jami'at al-Jaza'ir, |c 2006 | ||
| 300 | |a [438] leaves : |b ill. ; |c 30 cm. | ||
| 336 | |2 rdacontent | ||
| 337 | |2 rdamedia | ||
| 338 | |2 rdacarrier | ||
| 500 | |a "أطروحة مقدمة لنيل درجة دكتوراه دولة" --On t.p. | ||
| 502 | |a Thesis (Ph. D.)--Jami'at al-Jaza'ir, 2006. | ||
| 504 | |a Includes bibliographical references. | ||
| 650 | 0 | |a Fiscal policy |z Algeria |9 353383 | |
| 651 | 0 | |a Algeria |x Economic conditions |9 150492 | |
| 655 | |a Theses, Facsimile edition (Islamic) | ||
| 700 | 1 | |a Mas'ud, Darawisi |9 353384 | |
| 900 | |a arf-his | ||
| 942 | |2 lcc |n 0 | ||
| 999 | |c 434863 |d 466433 | ||
| 952 | |0 0 |6 TI HJ 001453 M398S 2006 |7 0 |8 THESES |9 753513 |a IIUM |b IIUM |c MULTIMEDIA |g 0.00 |o ti HJ 1453 M398S 2006 |p 00011253442 |r 2017-10-23 |t 1 |v 0.00 |y THESIS | ||
